| 000 | 00956cam a2200217 4500 | ||
|---|---|---|---|
| 001 | WB4007-07 | ||
| 008 | 040219n2004 000 0 eng u | ||
| 035 | _a(Sirsi) u125197 | ||
| 245 | _aMore cash for the countryside | ||
| 260 | _c2004 | ||
| 490 |
_aDEFRA News Release _v(54/04) 18 February 2004 (6) |
||
| 520 | _aFarmers and other land managers will receive increased grants under the Countryside Stewardship and Environmentally Sensitive Areas Schemes. Higher payment rates have been introduced for capital works such as the restoration of dry stone walls and hedges and also for improving public access to the countryside. Press release http://www.defra.gov.uk/news/2004/040218a.htm | ||
| 590 | _aWB | ||
| 590 | _aWB | ||
| 650 | _aFARM AND CONSERVATION GRANTS | ||
| 650 | _aCOUNTRYSIDE STEWARDSHIP SCHEMES | ||
| 650 | _aENVIRONMENTALLY SENSITIVE AREA SCHEME | ||
| 650 | _aPUBLIC ACCESS | ||
| 690 | _aENVIRONMENT-MANAGEMENT | ||
| 942 | _n0 | ||
| 999 |
_c117041 _d117041 |
||